| 000 | 00585nam a2200169 i 4500 | ||
|---|---|---|---|
| 001 | 85511 | ||
| 003 | ES-MaACL | ||
| 005 | 20230906175244.0 | ||
| 007 | t| | ||
| 008 | 041128s1920 sp |||| | spa d | ||
| 245 | 0 | 0 |
_aJurisprudencia electoral del Tribunal Supremo 1910-1916 / _cordenada, concordada y seguida de varios estudios por Francisco Aguado Arnal. |
| 260 |
_aBilbao : _bZubiri y Zarza, _c1920. |
||
| 300 |
_aXV, 1045 p. ; _c23 cm. |
||
| 650 | 0 | 4 |
_aDerecho electoral- _zEspaƱa- _vJurisprudencia. _911706 |
| 700 | 1 |
_aAguado Arnal, Francisco. _918616 |
|
| 852 |
_aES-MaACL _jB-5614 |
||
| 999 |
_c85511 _d85511 |
||